| 000 | 00782nam a2200217Ia 4500 | ||
|---|---|---|---|
| 001 | 5476 | ||
| 003 | GE_BSU | ||
| 008 | 181216s||||||||xx |||||||||||||| ||und|| | ||
| 040 | _cGE_BSU | ||
| 080 | _a514.18(075.8) | ||
| 100 | _aЗасов В.Д. Иконникова А.Р. Крылов Н.Н. | ||
| 245 | _aЗадачник по начертательной геометрии. | ||
| 245 | _bИзд. 3-ЬЕ, перер. и доп. учеб пособие для строительных спец. вузов. | ||
| 245 | _cПод ред. Н.Н. Крылова. | ||
| 260 | _aМосква | ||
| 260 | _bВысшая школа | ||
| 260 | _c1984 | ||
| 300 | _a191 с. 20 см. | ||
| 653 | _aЗадачник по начертательной геометрии. | ||
| 942 | _cBK | ||
| 999 |
_c39001 _d39001 |
||